Pilote ayant marqué le plus de point en F1 depuis 2010 - Statistiques

Statistiques générales
  • Ce quiz a été pris 216 fois
  • Le résultat moyen est 16 sur 20
Statistiques - réponses
Rang Saisons Réponse Points % Correct
1 14 Lewis HAMILTON 4383,5
99%
3 9 Max VERSTAPPEN 2586,5
99%
2 13 Sebastian VETTEL 2973
97%
5 12 Fernando ALONSO 1690
94%
10 6 Charles LECLERC 1074
91%
4 11 Valtteri BOTTAS 1797
88%
15 5 Lando NORRIS 633
87%
19 7 Pierre GASLY 394
86%
7 13 Sergio PEREZ 1486
84%
14 8 Carlos SAINZ 742,5
83%
18 7 Esteban OCON 422
83%
6 7 Nico ROSBERG 1519
80%
8 13 Daniel RICCIARDO 1317
79%
9 10 Kimi RAIKKONEN 1294
75%
17 5 Georges RUSSELL 469
74%
16 11 Nico HULKENBERG 530
68%
12 4 Mark WEBBER 878
56%
11 7 Janson BUTTON 908
53%
13 8 Felipe MASSA 847
52%
20 9 Romain GROSJEAN 391
52%
Aucun quiz correspondant
Distribution des résultats
% des personnes avec chaque résultat
Percentile par nombre de réponses
Votre historique - résultats
Vous n’avez pas pris ce quiz